| 000 | 01088cam a2200301 a 4500 | ||
|---|---|---|---|
| 001 | vtls003224529 | ||
| 003 | MY-SjTCS | ||
| 005 | 20200226115014.0 | ||
| 008 | 111019s2011 caua b 001 0 eng | ||
| 020 | _a9781412955607 (hbk.) | ||
| 020 | _a1412955602 (hbk.) | ||
| 020 | _a9781412992657 (pbk.) | ||
| 020 | _a1412992656 (pbk.) | ||
| 039 | 9 |
_a201302261059 _bVLOAD _c201112221206 _dshuhada _c201112221133 _dshuhada _c201112211824 _dshuhada _y201110191444 _zmalathy |
|
| 082 | 0 | 4 |
_a658.11 _bMEY 2011 |
| 100 | 1 |
_aMeyer, Marc H. _956655 |
|
| 245 | 1 | 0 |
_aEntrepreneurship : _ban innovator's guide to startups and corporate ventures / _cMarc H. Meyer, Frederick G. Crane. |
| 260 |
_aLos Angeles, CA : _bSAGE, _cc2011. |
||
| 300 |
_axxii, 444 p. : _bill. ; _c28 cm. |
||
| 504 | _aIncludes bibliographical references and index. | ||
| 650 | 0 |
_aNew business enterprises _xManagement. _932768 |
|
| 650 | 0 | _aEntrepreneurship. | |
| 650 | 0 | _aVenture capital. | |
| 650 | 0 | _aSuccess in business. | |
| 650 | 0 | _aBusiness planning. | |
| 700 | 1 |
_aCrane, Frederick G. _948603 |
|
| 920 | _aMIF : 174235 | ||
| 999 | _c141695 | ||